太鼓の達人 2000シリーズ - Statistics

General Stats
  • This quiz has been taken 129 times
    67 since last reset
  • The average score is 19 of 28
Answer Stats
曲名 % Correct
1 さいたま2000
100%
6 きたさいたま2000
98%
16 万戈イム-一ノ十
87%
11 はやさいたま2000
81%
17 またさいたま2000
79%
3 恋文2000
77%
19 ドンカマ2000
77%
2 ケチャドン2000
74%
4 よくでる2000
72%
7 十露盤2000
72%
15 〆ドレー2000
72%
15.5 〆ドレー2000+
72%
22 まださいたま2000
72%
14 黄ダルマ2000
70%
5 タベルナ2000
68%
12 はたラク2000
68%
8 てんぢく2000
66%
10 X-DAY2000
64%
9 EkiBEN2000
62%
13 きたさいたま200
60%
21 よくでる15300
57%
18 スーハー2000
57%
26 たいこの2000
57%
24 わら得る2000
55%
23 Nesin Amatias
55%
25 続・〆ドレー2000
51%
20 ノるどん2000
47%
27 トロいか2000
45%
No matching quizzes found
Score Distribution
Percent of People with Each Score
Percentile by Number Answered
Your Score History
You have not taken this quiz since the last reset